| 000 | 00561nam a22001457a 4500 | ||
|---|---|---|---|
| 999 |
_c134238 _d134238 |
||
| 005 | 20240530095919.0 | ||
| 008 | 240530b ||||| |||| 00| 0 eng d | ||
| 040 | _cPK-LaUMT | ||
| 082 |
_aAPC 297.4092 _bAHM-H |
||
| 100 | _aAhmad Ghazali = احمد غزالی | ||
| 245 |
_aHazrat Haji Sher Muhammad Dewan Chawali mashaikh ma shajrah . . . = حضرت حاجی شیر محمد دیوان چاولی مشائخ مع شجرہ ۔ ۔ ۔ / _cby Ahmad Ghazali = احمد غزالی |
||
| 260 |
_aBahawalpur : _bDarul Irfan, _c1998 |
||
| 300 | _a135 p. | ||
| 942 | _cBK | ||